00341nam a2200109 4500008004100000100002500041245007400066260000900140300001500149650001200164773005500176190509b ||||| |||| 00| 0 eng d aSanwal, Piyush Kumar aUAVs - the salient force multipliers in future Air Defence Operations c2018 ap.574-583. aWarfare aJournal of the United Service Institution of India